00221nam a2200085Ia 450000100070000000500170000700800410002424500450006526000250011070484620250826162418.0250824s9999 xx 000 0 und d 0aGÜLİSTANcŞİRAZLI ŞEYH SA Dİ bKÜLTÜR YAYINLARI